DOMOWE WYPIEKI: - Statystyki

Ogólne statystyki
  • Ten quiz został rozwiązany 59 razy
  • Średni wynik to 4 z 7
Statystyki odpowiedzi
Odpowiedź % Poprawnych
SERNIK
85%
MAKOWIEC
76%
SZARLOTKA
76%
BABKA
57%
MURZYNEK
39%
KARPATKA
37%
BABECZKI
33%
Nie znaleziono quizów pasujących do podanych kryteriów
Rozkład punktacji
Procent ludzi z każdym wynikiem
Percentyl według liczby udzielonych odpowiedzi
Twoja historia wyników
Nie rozwiązałeś tego quizu